| 000 | 00381nam a22001697a 4500 | ||
|---|---|---|---|
| 003 | SGT | ||
| 020 | _a978-93-5152-474-6 | ||
| 082 |
_a616 _bG18G |
||
| 100 | _aGOLWALLA,ASPI.F. | ||
| 245 | _aGOLWALLA'S MEDICINE FOR STUDENTS | ||
| 250 | _a25TH | ||
| 260 |
_aNEW DELHI _bJAYPEE PUB. _c2018 |
||
| 300 | _a1160 | ||
| 650 | _aAYURVEDA | ||
| 653 | _aMEDICINE, | ||
| 942 |
_2ddc _cBK _039 |
||
| 999 |
_c16919 _d16919 |
||